The lives of the great composers /

Bibliographic Details
Main Author: Schonberg, Harold C.
Format: Book
Language:English
Published: New York : W.W. Norton, [1981]
Edition:Rev. ed.
Subjects:

MARC

Tag First Indicator Second Indicator Subfields
LEADER 00000cam a2200000 i 4500
001 in00000010027
005 20151006060019.0
008 800417s1981 nyuc b 00110ceng
010 |a  80015058  
020 |a 0393013022 :  |c $24.95 
020 |a 0393014037 (jacket) 
035 |a (OCoLC)06278261 
035 |9 AAA2217AM 
040 |a DLC  |c DLC  |d m.c.  |d TXA  |d UtOrBLW 
049 |a TXAM  |c [A11029111] 
050 0 0 |a ML390  |b .S393 1981 
082 0 |a 780/.92/2  |a B 
100 1 |a Schonberg, Harold C. 
245 1 4 |a The lives of the great composers /  |c Harold C. Schonberg. 
250 |a Rev. ed. 
264 1 |a New York :  |b W.W. Norton,  |c [1981] 
264 4 |c ©1981 
300 |a 653 pages :  |b portraits ;  |c 25 cm. 
336 |a text  |b txt  |2 rdacontent 
337 |a unmediated  |b n  |2 rdamedia 
338 |a volume  |b nc  |2 rdacarrier 
504 |a Bibliography: pages 629-642. 
500 |a Includes index. 
650 0 |a Composers  |v Biography. 
999 |a MARS 
999 f f |s 180b7c56-9a17-359c-819e-0aa8e5521337  |i a2f02660-eee6-30d3-ae80-35248caa9b1c  |t 0 
952 f f |p ric  |a Texas A&M University  |b Rellis Campus  |c Joint Library Facility  |d Remote Storage  |t 0  |e ML390 .S393 1981  |h Library of Congress classification  |i unmediated -- volume  |m A14811029111 
998 f f |a ML390 .S393 1981  |t 0  |l Remote Storage